| 000 | 00776cam a22002411 4500 | ||
|---|---|---|---|
| 001 | gs 15000776 | ||
| 003 | DLC | ||
| 005 | 20260227111318.0 | ||
| 008 | 741114s1915 onc b 000 0 eng | ||
| 010 | _ags 15000776 | ||
| 035 | _a(OCoLC)1074930 | ||
| 040 |
_aDLC _cDeU _dNSbSU _dDLC |
||
| 042 | _apremarc | ||
| 050 | 0 | 0 |
_aQE185 _b.A2 no. 63 |
| 100 | 1 |
_aSapir, Edward, _d1884-1939. |
|
| 245 | 1 | 0 | _aNoun reduplication in Comox, a Salish language of Vancouver island. |
| 260 |
_aOttawa, _bGovernment Printing Bureau, _c1915. |
||
| 300 |
_a53 p. _c24 cm. |
||
| 490 | 1 |
_aGeological Survey of Canada. Memoir, _vno. 63; Anthropological series no. 6 |
|
| 504 | _aBibliographical footnotes. | ||
| 650 | 0 | _aSalish language. | |
| 830 | 0 |
_aMemoir (Geological Survey of Canada) ; _v63 |
|
| 999 |
_c25583 _d25583 |
||